000 00689nam a2200289Ia 4500
005 20260324124005.0
008 008 260324s9999 xx 000 0 eng d
020 _a9781315597577
037 _aEBOOK
040 _aCRL
040 _beng
040 _cCRL
041 _2eng
041 _aeng
084 _qCRL
100 _aAku Visala
_91172427
245 0 _aNaturalism, Theism and the Cognitive Study of Religion
245 0 _bReligion Explained?
260 _bTaylor and Francis
260 _c2011
365 _a
365 _b240
856 _uhttp://www.taylorfrancis.com/books/9781315597577
942 _cEBOOK
999 _c1766430
_d1766430